|
|
|
|
| LEADER |
00801cam a2200229 7i4500 |
| 001 |
0000034518 |
| 005 |
20170815090000.0 |
| 007 |
##ta |
| 008 |
170815t20162016-uk eng |
| 022 |
0 |
# |
|a 17484901
|
| 040 |
# |
# |
|a MATR
|
| 090 |
0 |
0 |
|a U. AE 380.14
|b UNI
|
| 245 |
0 |
0 |
|a UNITED ARAB EMIRATES TELECOMMUNICATIONS REPORT Q3 2016 :
|b INCLUDES 5- YEAR FORECASTS TO 2020.
|
| 264 |
# |
4 |
|a ♭2016.
|
| 264 |
# |
1 |
|a London:
|b Business Monitor International,
|c 2016.
|
| 300 |
# |
# |
|a 76 pages:
|b illustrations;
|c 30 cm.
|
| 336 |
# |
# |
|a text
|2 rdacontent
|
| 337 |
# |
# |
|a unmediated
|2 rdamedia
|
| 338 |
# |
# |
|a volume
|2 rdacarrier
|
| 650 |
# |
0 |
|a Internet --
|x Markets --
|z United Arab Emirates
|
| 650 |
# |
0 |
|a Telecommunications --
|x Markets --
|z United Arab Emirates
|
| 999 |
|
|
|a B000038225
|b Book
|c Countries
|e Business Information Centre
|